Green Deal Incentives Research (Record no. 115133)

MARC details
000 -LEADER
fixed length control field 01330cad a22002055a 4500
001 - CONTROL NUMBER
control field L158090
008 - FIXED-LENGTH DATA ELEMENTS--GENERAL INFORMATION
fixed length control field 140501s2014 xxk f 000 0 eng d
035 ## - SYSTEM CONTROL NUMBER
System control number (Sirsi) u158090
041 0# - LANGUAGE CODE
Language code of text/sound track or separate title eng
110 2# - MAIN ENTRY--CORPORATE NAME
Corporate name or jurisdiction name as entry element United Kingdom
Subordinate unit Department of Energy and Climate Change
9 (RLIN) 5850
245 00 - TITLE STATEMENT
Title Green Deal Incentives Research
Remainder of title Research with Home Buyers conducted by TNS BMRB for DECC
Medium [electronic resource]
260 ## - PUBLICATION, DISTRIBUTION, ETC.
Place of publication, distribution, etc. London
Name of publisher, distributor, etc. DECC
Date of publication, distribution, etc. 2014
520 ## - SUMMARY, ETC.
Summary, etc. Qualitative research designed to build the evidence base around recent home buyers and inform decisions around the design and presentation of the Green Deal incentive scheme. Aims to understand views on areas including how motivating the overall proposition is of an incentive to make energy saving improvements, customers attitudes to the various high level options for the incentives scheme and what tools, information and support do customers need in order to make a decision to take action to make energy saving improvements.
590 ## - LOCAL NOTE (RLIN)
Local note KA
651 #4 - SUBJECT ADDED ENTRY--GEOGRAPHIC NAME
Geographic name United Kingdom
690 ## - LOCAL SUBJECT ADDED ENTRY--TOPICAL TERM (OCLC, RLIN)
Topical term or geographic name as entry element Energy
9 (RLIN) 6237
690 ## - LOCAL SUBJECT ADDED ENTRY--TOPICAL TERM (OCLC, RLIN)
Topical term or geographic name as entry element Sustainability
9 (RLIN) 6271
856 40 - ELECTRONIC LOCATION AND ACCESS
Uniform Resource Identifier <a href="https://www.gov.uk/government/uploads/system/uploads/attachment_data/file/307732/DECC_Green_Deal_Incentives_Research_with_Home_buyers_v1_0_Final_010514.pdf">https://www.gov.uk/government/uploads/system/uploads/attachment_data/file/307732/DECC_Green_Deal_Incentives_Research_with_Home_buyers_v1_0_Final_010514.pdf</a>
Public note View the item free of charge at www.gov.uk/government
942 ## - ADDED ENTRY ELEMENTS (KOHA)
Suppress in OPAC 0
Holdings
Withdrawn status Lost status Source of classification or shelving scheme Damaged status Not for loan Home library Current library Shelving location Date acquired Total Checkouts Full call number Barcode Date last seen Copy number Price effective from Koha item type
    Dewey Decimal Classification     Virtual Virtual Online 01/05/2014   ONLINE PUBLICATION 158090-2001 06/08/2019 1 06/08/2019 Book